Epreuves d'histoire - Concours Sciences Po et IEP : Concours Sciences Po et IEP (notice n° 1925558)
[ vue normale ]
| 000 -LEADER | |
|---|---|
| fixed length control field | 00947cam a2200133 4500500 |
| 005 - DATE AND TIME OF LATEST TRANSACTION | |
| control field | 20260329023220.0 |
| 041 ## - LANGUAGE CODE | |
| Language code of text/sound track or separate title | fre |
| 042 ## - AUTHENTICATION CODE | |
| Authentication code | dc |
| 100 10 - MAIN ENTRY--PERSONAL NAME | |
| Personal name | Clavé, Yannick |
| Relator term | author |
| 245 00 - TITLE STATEMENT | |
| Title | Epreuves d'histoire - Concours Sciences Po et IEP : Concours Sciences Po et IEP |
| 260 ## - PUBLICATION, DISTRIBUTION, ETC. | |
| Name of publisher, distributor, etc. | Armand Colin,<br/> |
| Date of publication, distribution, etc. | 2016.<br/> |
| 520 ## - SUMMARY, ETC. | |
| Summary, etc. | Cet ouvrage prépare à l’épreuve d’histoire qui est présente au concours de Sciences Po Paris et au concours commun des IEP.Cet ouvrage propose :une présentation du concours et du programmeune méthodologie détaillée pour la dissertationun cours complet très structuré (objectifs, exemples, zoom, définitions, auteurs-clés, synthèse de fin de chapitre)des sujets corrigésdes outils de travail (Tableau chronologique, Notices biographiques, Lexique, Citations) |
| 856 41 - ELECTRONIC LOCATION AND ACCESS | |
| Uniform Resource Identifier | <a href="https://shs.cairn.info/epreuves-d-histoire-concours-sciences-po-et-iep--9782200614447?lang=fr&redirect-ssocas=7080">https://shs.cairn.info/epreuves-d-histoire-concours-sciences-po-et-iep--9782200614447?lang=fr&redirect-ssocas=7080</a> |
Pas d'exemplaire disponible.




Réseaux sociaux